00519nam a2200145Ia 4500008004100000245014200041260001700183260000900200300000800209650002300217650001200240856002900252999001900281952007300300170516s9999 xx 000 0 und d aScavenger Receptor B1 is a Potential Biomarker of Human Nasopharyngeal Carcinoma and Its Growth is Inhibited by HDL-mimetic Nanoparticles bTheranostics c2013 a3:7 xMedical Technology xMedtech uhttp://www.thno.org/v3i7 c330738d330738 001040aCLbCLd2017-05-16l0r2017-05-16 00:00:00w2017-05-16yFOJ